Central Library OPAC University of Rajshahi

Economic survey of Europe in 1957 / (Record no. 45076)

MARC details
000 -LEADER
fixed length control field 00928nam a2200265 a 4500
001 - CONTROL NUMBER
control field 45076
003 - CONTROL NUMBER IDENTIFIER
rucl marc code BD-RjUL
005 - DATE AND TIME OF LATEST TRANSACTION
control field 20211209053947.0
008 - FIXED-LENGTH DATA ELEMENTS--GENERAL INFORMATION
fixed length control field 160723s1958 sz ar p i0 0eng d
020 ## - INTERNATIONAL STANDARD BOOK NUMBER
Terms of availability : $ 4.00
035 ## - SYSTEM CONTROL NUMBER
System control number (BD-RjUL)45194
System control number 123731
040 ## - CATALOGING SOURCE
Original cataloging agency ADEET
Language of cataloging eng
Transcribing agency ADEET
Modifying agency ADEET
-- BD-RjUL
041 ## - LANGUAGE CODE
Language code of text/sound track or separate title eng
082 04 - DEWEY DECIMAL CLASSIFICATION NUMBER
Edition number 23
Classification number 330.94
Author mark and year ECO 1958
245 00 - TITLE STATEMENT
Title Economic survey of Europe in 1957 /
Statement of responsibility, etc. Research and Planning Division, Economic Commission for Europe.
260 ## - PUBLICATION, DISTRIBUTION, ETC. (IMPRINT)
Place of publication, distribution, etc. Geneva :
Name of publisher, distributor, etc. United Nations,
Date of publication, distribution, etc. 1958
300 ## - PHYSICAL DESCRIPTION
Pagination Varous pages ;
Size 28 cm.
500 ## - GENERAL NOTE
General note At head of title: United Nations. Department of Economic Affairs.
651 #0 - SUBJECT ADDED ENTRY--GEOGRAPHIC NAME
Geographic name Europe
General subdivision Economic conditions
9 (RLIN) 138084
710 2# - ADDED ENTRY--CORPORATE NAME
Corporate name or jurisdiction name as entry element United Nations.
Subordinate unit Economic Commission for Europe.
-- Research and Planning Division.
9 (RLIN) 138085
Corporate name or jurisdiction name as entry element United Nations.
Subordinate unit Department of Economic Affairs.
9 (RLIN) 117448
942 ## - ADDED ENTRY ELEMENTS (KOHA)
Source of classification or shelving scheme Dewey Decimal Classification
Koha item type Books
Holdings
Lost status Source of classification or shelving scheme Damaged status Not for loan Collection code Permanent Location Current Location Shelving location Date acquired Source of acquisition Total Checkouts Full call number Date last seen Copy number Koha item type
  Dewey Decimal Classification     Non-fiction Central Library, University of Rajshahi Central Library, University of Rajshahi   15/12/1961 The Asia Foundation   330.94 ECO 1958 23/07/2016 C-2 Books